Biblioteca

Rudolf Bultmann en el pensamiento católico (Registro nro. 71475)

Detalles MARC
000 -LÍDER
Campo fijo de descripción fija 01768nam a2200361 i 4500
001 - NÚMERO DE CONTROL
Campo de control 768714001
003 - IDENTIFICADOR DEL NÚMERO DE CONTROL
Campo de control CO-MdFUSB
005 - FECHA Y HORA DE LA ULTIMA TRANSACCIÓN
control field 20260317120346.0
007 - CAMPO FIJO DE DESCRIPCIÓN FIJA--INFORMACIÓN GENERAL
Campo fijo de descripción fija ta
008 - ELEMENTOS DE LONGITUD FIJA -- INFORMACIÓN GENERAL
Campo fijo de descripción fija -- Información general 251001t1970 sp |||g |||| 00| 0 spa d
040 ## - FUENTE DE CATALOGACIÓN
Agencia de catalogación original CO-MdFUSB
Idioma de catalogación spa
Agencia que realiza la transcripción CO-MdFUSB
Agencia que realiza la modificación CO-MdFUSBC
Convenciones de la descripción rda
041 ## - CÓDIGO DE IDIOMA
Código de idioma para texto/pista de sonido o título separado spa
Código de idioma original eng
082 ## - NÚMERO DE CLASIFICACIÓN DECIMAL DEWEY
Número de la edición del Dewey 23
Número de clasificación 230.2092
Clave de autor-Numero de item B939
100 ## - ASIENTO PRINCIPAL--NOMBRE PERSONAL
Nombre personal O'Meara, Thomas F.,
Término relacionador autor
240 ## - TITULO UNIFORME
Título uniforme <a href="Rudolf Bultmann in Catholic Thought">Rudolf Bultmann in Catholic Thought</a>
245 ## - TÍTULO
Título del Material Rudolf Bultmann en el pensamiento católico
Mención de responsabilidad, etc. / Thomas F. O´meara , Donald M. Weisser ; traducido por E. Martino , S. J.
264 #1 - PRODUCCIÓN, PUBLICACIÓN, DISTRIBUCIÓN, MANUFACTURA, Y COPYRIGHT
Nombre del productor, publicador, distribuidor Sal Terrae,
Lugar de producción, publicación, distribución, manufactura Santander, España :
Fecha de producción, publicación, distribución, manufactura, o copyright [1970]
264 #4 - PRODUCCIÓN, PUBLICACIÓN, DISTRIBUCIÓN, MANUFACTURA, Y COPYRIGHT
Fecha de producción, publicación, distribución, manufactura, o copyright ©1970
300 ## - DESCRIPCIÓN FÍSICA
Extensión 239 páginas
Dimensiones ; 21 cm
336 ## - TIPO DE CONTENIDO
Fuente rdacontent
Término de tipo de contenido texto
Código de tipo de contenido txt
337 ## - TIPO DE MEDIO
Fuente rdamedia
Nombre del tipo de medio sin mediación
Código del tipo de medio n
338 ## - TIPO DE SOPORTE
Fuente rdacarrier
Nombre del tipo de soporte volumen
Código Tipo de soporte nc
490 ## - MENCIÓN DE SERIE
Mención de serie Teología y mundo actual
505 ## - NOTA DE CONTENIDO
Nota de contenido con formato preestablecido La desmitologización y la verdad teológica / Heinrich Fries. -- La desmitologización en la escuela de Alejandría / Jean Daniélou. -- Los Evangelios y la crítica de las formas / Rudolf Schnackenburg. -- Bultmann y el Evangelio según San Juan / Josef Blank. -- Bultmann y el Antiguo Testamento / René Marlé. -- Nuevos aspectos de la fe / Gotthold Hasenhüttl. -- Los sacramentos en la teología de Bultmann / John L. McKenzie. -- Historia y kerygma en Bultmann / Claude Geffré. -- Bultmann y Heidegger / Helmut Peuker. -- Bultmann y la teología del mañana / Thomas F. O'Meara.
563 ## - NOTA DE ENCUADERNACIÓN
Nota de encuadernación rústico
600 #0 - ASIENTO SECUNDARIO DE MATERIA - NOMBRE PERSONAL
Nombre personal Bultmann, Rudolf.
Fuente del encabezamiento o término Crítica e interpretación
653 ## - TÉRMINO DE INDIZACIÓN - NO CONTROLADO
Término no controlado Teología católica -- Siglo XX
700 ## - ASIENTO SECUNDARIO - NOMBRE PERSONAL
Nombre personal Weisser, Donald M.
Responsabilidad autor
9 (RLIN) 11979
700 ## - ASIENTO SECUNDARIO - NOMBRE PERSONAL
Nombre personal Martino, E.,
Responsabilidad traductor
9 (RLIN) 11980
942 ## - TIPO DE MATERIAL (KOHA)
Tipo de Item KOHA Libros General
945 ## - INFORMACIÓN LOCAL DEL REGISTRO
Catalogador Estudiante Juan Eusse
Existencias
Estado de Material Estado de Perdido Forma de Clasificación Estado de Dañado No para Préstamo Colección Biblioteca de Origen Biblioteca Permanente Fecha de Adquisición Área Total de Préstamos Signatura Topográfica Código de Barras Última vez visto Ejemplar/Existencia Fecha de Remplazo Tipo de Material
    Dewey Decimal Classification     Colección General Biblioteca FUSBC Biblioteca FUSBC 01/10/2025 BIOGRAFIA   G 230.2092 B939r 25814 01/10/2025 Ej. 1 01/10/2025 Libros General

Biblioteca FUSBC | Teléfono: (57+4) 349 88 10 Ext. 141| WhatsApp (+57) 3005338115 
E-mail: biblioteca@unisbc.edu.co | Calle 76 87-14 Robledo Palenque, Medellín, Colombia

Con tecnología Koha